[Event "DEM U10 2023"]
[Site "Willingen GER"]
[Date "2023.05.28"]
[Round "1"]
[White "Hagn, Tobias"]
[Black "Cremann, Jannis"]
[Result "0-1"]
[Termination "normal"]
[Board "14"]
[WhiteElo "1609"]
[BlackElo "1324"]
[WhiteClock "01:01:24"]
[BlackClock "01:13:05"]
[PlyCount "146"]
[WhiteFideId "34623728"]
[BlackFideId "34660178"]
[EventCountry "GER"]
[EventRounds "11"]
[EventType "swiss"]
[EventDate "2023.05.27"]

1. e4 {[%clk 01:15:57]} {[%emt 00:00:02]} e5 {[%clk 01:15:38]} {[%emt
00:00:23]} 2. Nf3 {[%clk 01:16:10]} {[%emt 00:00:17]} Nc6 {[%clk 01:15:52]}
{[%emt 00:00:16]} 3. d4 {[%clk 01:16:30]} {[%emt 00:00:10]} exd4 {[%clk
01:16:07]} {[%emt 00:00:15]} 4. Nxd4 {[%clk 01:16:49]} {[%emt 00:00:11]} Nf6
{[%clk 01:16:07]} {[%emt 00:00:31]} 5. Nc3 {[%clk 01:17:05]} {[%emt 00:00:14]}
Bb4 {[%clk 01:15:35]} {[%emt 00:01:03]} 6. Nxc6 {[%clk 01:17:22]} {[%emt
00:00:12]} bxc6 {[%clk 01:15:29]} {[%emt 00:00:35]} 7. Bd3 {[%clk 01:17:19]}
{[%emt 00:00:32]} d5 {[%clk 01:15:19]} {[%emt 00:00:41]} 8. exd5 {[%clk
01:17:36]} {[%emt 00:00:13]} cxd5 {[%clk 01:15:30]} {[%emt 00:00:19]} 9. O-O
{[%clk 01:16:58]} {[%emt 00:01:08]} O-O {[%clk 01:15:20]} {[%emt 00:00:40]} 10.
Bg5 {[%clk 01:16:42]} {[%emt 00:00:46]} Be6 {[%clk 01:15:13]} {[%emt 00:00:37]}
11. Bxf6 {[%clk 01:16:24]} {[%emt 00:00:48]} Qxf6 {[%clk 01:14:59]} {[%emt
00:00:44]} 12. Qh5 {[%emt 00:02:36]} g6 {[%clk 01:14:51]} 13. Nxd5 {[%clk
01:15:04]} {[%emt 00:00:22]} Qd8 {[%clk 01:14:27]} {[%emt 00:00:55]} 14. Qh6
{[%clk 01:12:19]} {[%emt 00:03:13]} Qxd5 {[%clk 01:14:06]} {[%emt 00:00:53]}
15. Qh4 {[%clk 01:11:35]} {[%emt 00:01:14]} Bd6 {[%clk 01:13:43]} {[%emt
00:00:52]} 16. Be4 {[%clk 01:11:42]} {[%emt 00:00:23]} Qe5 {[%clk 01:12:55]}
{[%emt 00:01:18]} 17. Bxa8 {[%clk 01:11:54]} {[%emt 00:00:18]} Rxa8 {[%clk
01:12:46]} {[%emt 00:00:38]} 18. Rfe1 {[%clk 01:10:49]} {[%emt 00:01:36]} Qxb2
{[%clk 01:12:22]} {[%emt 00:00:54]} 19. Qe4 {[%clk 01:10:45]} {[%emt 00:00:33]}
Rd8 {[%clk 01:12:13]} {[%emt 00:00:40]} 20. Qc6 {[%clk 01:09:13]} {[%emt
00:02:02]} Bf5 {[%clk 01:11:08]} {[%emt 00:01:35]} 21. c4 {[%clk 01:07:35]}
{[%emt 00:02:09]} Qf6 {[%clk 01:10:48]} {[%emt 00:00:51]} 22. g3 {[%clk
01:06:59]} {[%emt 00:01:06]} Be5 {[%clk 01:10:21]} {[%emt 00:00:56]} 23. Qxf6
{[%clk 01:06:09]} {[%emt 00:01:19]} Bxf6 {[%clk 01:10:33]} {[%emt 00:00:19]}
24. Rac1 {[%clk 01:05:01]} {[%emt 00:01:38]} Bb2 {[%clk 01:10:18]} {[%emt
00:00:45]} 25. Rcd1 {[%clk 01:04:41]} {[%emt 00:00:50]} Rxd1 {[%clk 01:10:01]}
{[%emt 00:00:47]} 26. Rxd1 {[%clk 01:05:04]} {[%emt 00:00:08]} Be6 {[%clk
01:09:33]} {[%emt 00:00:57]} 27. Rb1 {[%clk 01:04:32]} {[%emt 00:01:03]} Bd4
{[%clk 01:08:57]} {[%emt 00:01:05]} 28. a4 {[%clk 01:03:40]} {[%emt 00:01:22]}
Bb6 {[%clk 01:08:20]} {[%emt 00:01:08]} 29. Rc1 {[%clk 01:03:31]} {[%emt
00:00:38]} c5 {[%clk 01:08:28]} {[%emt 00:00:22]} 30. Kf1 {[%clk 01:02:17]}
{[%emt 00:01:43]} Kf8 {[%clk 01:08:28]} {[%emt 00:00:33]} 31. Ke2 {[%clk
01:02:13]} {[%emt 00:00:34]} Ba5 {[%clk 01:07:47]} {[%emt 00:01:11]} 32. Ke3
{[%clk 01:00:22]} {[%emt 00:02:21]} g5 {[%clk 01:07:08]} {[%emt 00:01:07]} 33.
Rb1 {[%clk 01:00:06]} {[%emt 00:00:46]} Bxc4 {[%clk 01:06:42]} {[%emt
00:00:57]} 34. Rb8+ {[%clk 01:00:22]} {[%emt 00:00:14]} Kg7 {[%clk 01:06:57]}
{[%emt 00:00:15]} 35. Ke4 {[%clk 01:00:32]} {[%emt 00:00:20]} Be6 {[%clk
01:06:35]} {[%emt 00:00:51]} 36. Rb5 {[%clk 01:00:43]} {[%emt 00:00:20]} Bb4
{[%clk 01:06:01]} {[%emt 00:01:04]} 37. Ke5 {[%clk 00:59:21]} {[%emt 00:01:52]}
Bc3+ {[%clk 01:05:27]} {[%emt 00:01:05]} 38. Kd6 {[%clk 00:59:23]} {[%emt
00:00:28]} c4 {[%clk 01:05:26]} {[%emt 00:00:30]} 39. Rxg5+ {[%clk 00:59:16]}
{[%emt 00:00:36]} Kf6 {[%clk 01:05:15]} {[%emt 00:00:41]} 40. Rb5 {[%clk
00:58:47]} {[%emt 00:00:59]} Bd2 {[%clk 01:05:08]} {[%emt 00:00:37]} 41. Kc7
{[%clk 00:54:52]} {[%emt 00:04:26]} c3 {[%clk 01:05:28]} {[%emt 00:00:10]} 42.
Rc5 {[%clk 00:55:13]} {[%emt 00:00:10]} Bb3 {[%clk 01:05:27]} {[%emt 00:00:31]}
43. a5 {[%clk 00:53:54]} {[%emt 00:01:49]} c2 {[%clk 01:05:46]} {[%emt
00:00:10]} 44. Kb7 {[%clk 00:53:36]} {[%emt 00:00:49]} c1=Q {[%emt 00:00:12]}
45. Rxc1 {[%emt 00:00:07]} Bxc1 {[%clk 01:05:37]} {[%emt 00:00:21]} 46. Kxa7
{[%clk 00:53:58]} {[%emt 00:00:08]} Bd5 {[%clk 01:06:00]} {[%emt 00:00:07]} 47.
Kb6 {[%clk 00:54:13]} {[%emt 00:00:15]} Bd2 {[%clk 01:06:18]} {[%emt 00:00:12]}
48. a6 {[%clk 00:54:37]} {[%emt 00:00:07]} Be1 {[%clk 01:06:37]} {[%emt
00:00:10]} 49. f4 {[%clk 00:54:52]} {[%emt 00:00:14]} Bf2+ {[%clk 01:06:51]}
{[%emt 00:00:17]} 50. Kc7 {[%clk 00:54:01]} {[%emt 00:01:20]} Bg1 {[%clk
01:06:58]} {[%emt 00:00:23]} 51. Kd6 {[%clk 00:54:22]} {[%emt 00:00:10]} Bc4
{[%clk 01:07:07]} {[%emt 00:00:21]} 52. a7 {[%clk 00:54:42]} {[%emt 00:00:11]}
Bxa7 {[%clk 01:07:23]} {[%emt 00:00:13]} 53. g4 {[%clk 00:55:01]} {[%emt
00:00:10]} Bb8+ {[%clk 01:07:34]} {[%emt 00:00:20]} 54. Kc5 {[%clk 00:55:19]}
{[%emt 00:00:12]} Bxf4 {[%clk 01:07:57]} {[%emt 00:00:07]} 55. Kxc4 {[%clk
00:55:42]} {[%emt 00:00:08]} Bxh2 {[%clk 01:08:19]} {[%emt 00:00:08]} 56. Kd4
{[%clk 00:56:00]} {[%emt 00:00:12]} Kg5 {[%clk 01:08:38]} {[%emt 00:00:10]} 57.
Ke3 {[%clk 00:56:15]} {[%emt 00:00:14]} Kxg4 {[%clk 01:08:54]} {[%emt
00:00:14]} 58. Kf2 {[%clk 00:56:18]} {[%emt 00:00:15]} h5 {[%clk 01:09:12]}
{[%emt 00:00:24]} 59. Kg2 {[%clk 00:56:41]} {[%emt 00:00:07]} Bg3 {[%clk
01:09:32]} {[%emt 00:00:10]} 60. Kg1 {[%clk 00:56:59]} {[%emt 00:00:11]} h4
{[%clk 01:09:50]} {[%emt 00:00:13]} 61. Kh1 {[%clk 00:57:03]} {[%emt 00:01:48]}
h3 {[%clk 01:10:08]} {[%emt 00:00:12]} 62. Kg1 {[%clk 00:57:28]} {[%emt
00:00:04]} f5 {[%clk 01:10:30]} {[%emt 00:00:08]} 63. Kh1 {[%clk 00:57:45]}
{[%emt 00:00:13]} Bh4 {[%clk 01:10:27]} {[%emt 00:00:33]} 64. Kh2 {[%clk
00:58:08]} {[%emt 00:00:07]} f4 {[%clk 01:10:50]} {[%emt 00:00:07]} 65. Kg1
{[%clk 00:58:32]} {[%emt 00:00:06]} f3 {[%clk 01:11:07]} {[%emt 00:00:14]} 66.
Kh1 {[%clk 00:58:53]} {[%emt 00:00:08]} Kg3 {[%clk 01:11:16]} {[%emt 00:00:21]}
67. Kg1 {[%clk 00:59:17]} {[%emt 00:00:06]} f2+ {[%clk 01:11:30]} {[%emt
00:00:15]} 68. Kf1 {[%clk 00:59:41]} {[%emt 00:00:06]} h2 {[%clk 01:11:50]}
{[%emt 00:00:11]} 69. Ke2 {[%clk 01:00:07]} {[%emt 00:00:04]} h1=Q {[%clk
01:12:02]} {[%emt 00:00:18]} 70. Ke3 {[%clk 01:00:27]} {[%emt 00:00:11]} Qd5
{[%clk 01:12:15]} {[%emt 00:00:16]} 71. Ke2 {[%clk 01:00:44]} {[%emt 00:00:14]}
Kg2 {[%clk 01:12:24]} {[%emt 00:00:20]} 72. Ke3 {[%clk 01:01:04]} {[%emt
00:00:10]} f1=N+ {[%emt 00:00:20]} 73. Ke2 {[%clk 01:01:24]} Qd2# {[%clk
01:13:05]} {[%emt 00:00:08]} 0-1

[Event "DEM U10 2023"]
[Site "Willingen GER"]
[Date "2023.05.28"]
[Round "1"]
[White "Obermair, Hannes"]
[Black "Heins, Simon"]
[Result "0-1"]
[Termination "normal"]
[Board "15"]
[WhiteElo "1320"]
[BlackElo "1592"]
[WhiteClock "00:34:46"]
[BlackClock "01:05:19"]
[PlyCount "100"]
[WhiteFideId "34640509"]
[BlackFideId "34660194"]
[EventCountry "GER"]
[EventRounds "11"]
[EventType "swiss"]
[EventDate "2023.05.27"]

1. c4 {[%clk 01:15:50]} e5 {[%clk 01:15:55]} {[%emt 00:00:05]} 2. Nc3 {[%clk
01:16:03]} {[%emt 00:00:17]} Nf6 {[%clk 01:16:18]} {[%emt 00:00:07]} 3. g3
{[%clk 01:15:54]} {[%emt 00:00:39]} c6 {[%clk 01:16:42]} {[%emt 00:00:07]} 4.
Bg2 {[%clk 01:13:38]} {[%emt 00:02:45]} d5 {[%clk 01:16:59]} {[%emt 00:00:13]}
5. cxd5 {[%clk 01:13:51]} {[%emt 00:00:17]} cxd5 {[%clk 01:17:29]} 6. Qb3
{[%clk 01:12:55]} {[%emt 00:01:25]} e4 {[%clk 01:15:41]} {[%emt 00:02:19]} 7.
e3 {[%clk 01:09:33]} {[%emt 00:03:50]} Nc6 {[%clk 01:15:42]} {[%emt 00:00:31]}
8. Nge2 {[%clk 01:08:42]} {[%emt 00:01:21]} Bb4 {[%clk 01:15:10]} {[%emt
00:01:03]} 9. Nf4 {[%clk 01:04:38]} {[%emt 00:04:29]} Be6 {[%clk 01:14:37]}
{[%emt 00:01:05]} 10. a3 {[%clk 01:02:18]} {[%emt 00:02:49]} Bxc3 {[%clk
01:14:29]} {[%emt 00:00:40]} 11. dxc3 {[%clk 01:02:08]} {[%emt 00:00:41]} Qb6
{[%clk 01:13:46]} {[%emt 00:01:14]} 12. Qxb6 {[%clk 01:01:18]} {[%emt
00:01:20]} axb6 {[%clk 01:14:10]} {[%emt 00:00:05]} 13. O-O {[%clk 01:00:13]}
{[%emt 00:01:36]} g5 {[%clk 01:14:06]} {[%emt 00:00:32]} 14. Nxe6 {[%clk
00:59:19]} {[%emt 00:01:26]} fxe6 {[%clk 01:14:31]} {[%emt 00:00:06]} 15. f3
{[%clk 00:58:11]} {[%emt 00:01:37]} exf3 {[%clk 01:14:13]} {[%emt 00:00:48]}
16. Rxf3 {[%clk 00:57:40]} {[%emt 00:01:00]} O-O {[%clk 01:13:38]} {[%emt
00:01:07]} 17. Bd2 {[%clk 00:56:48]} {[%emt 00:01:21]} Ne5 {[%clk 01:13:35]}
{[%emt 00:00:33]} 18. Rff1 {[%clk 00:55:23]} {[%emt 00:01:54]} Nc4 {[%clk
01:13:11]} {[%emt 00:00:55]} 19. Bc1 {[%clk 00:51:52]} {[%emt 00:04:00]} Kg7
{[%clk 01:08:49]} {[%emt 00:04:54]} 20. b3 {[%clk 00:49:40]} {[%emt 00:02:39]}
Nd6 {[%clk 01:04:53]} {[%emt 00:04:28]} 21. Bb2 {[%clk 00:48:57]} {[%emt
00:01:12]} Nfe4 {[%clk 01:03:47]} {[%emt 00:01:37]} 22. Rxf8 {[%clk 00:47:23]}
{[%emt 00:02:03]} Rxf8 {[%clk 01:04:15]} {[%emt 00:00:03]} 23. c4+ {[%clk
00:47:35]} {[%emt 00:00:16]} Kg6 {[%clk 01:04:06]} {[%emt 00:00:41]} 24. cxd5
{[%clk 00:47:52]} {[%emt 00:00:13]} exd5 {[%clk 01:04:07]} {[%emt 00:00:28]}
25. Rf1 {[%clk 00:46:00]} {[%emt 00:02:22]} Rxf1+ {[%clk 01:03:53]} {[%emt
00:00:45]} 26. Kxf1 {[%clk 00:46:19]} {[%emt 00:00:10]} Kf5 {[%clk 01:03:44]}
{[%emt 00:00:40]} 27. Ke2 {[%clk 00:46:22]} {[%emt 00:00:27]} g4 {[%clk
01:02:28]} {[%emt 00:01:47]} 28. Kd3 {[%clk 00:44:35]} {[%emt 00:02:09]} Ke6
{[%clk 01:02:17]} {[%emt 00:00:49]} 29. Bd4 {[%clk 00:43:19]} {[%emt 00:01:41]}
b5 {[%clk 00:59:57]} {[%emt 00:02:56]} 30. b4 {[%clk 00:41:38]} {[%emt
00:02:10]} Ng5 {[%clk 00:59:26]} {[%emt 00:01:03]} 31. Bb2 {[%clk 00:38:58]}
{[%emt 00:02:56]} Nf3 {[%clk 00:59:17]} {[%emt 00:00:52]} 32. Bxf3 {[%clk
00:32:47]} {[%emt 00:06:40]} gxf3 {[%clk 00:59:10]} {[%emt 00:00:38]} 33. Kd2
{[%clk 00:32:13]} {[%emt 00:01:05]} Nc4+ {[%clk 00:59:32]} {[%emt 00:00:08]}
34. Ke1 {[%clk 00:31:54]} {[%emt 00:00:46]} Nxb2 {[%clk 00:59:55]} {[%emt
00:00:09]} 35. Kf2 {[%clk 00:32:21]} {[%emt 00:00:02]} Kf5 {[%clk 01:00:04]}
{[%emt 00:00:22]} 36. Kxf3 {[%clk 00:32:42]} {[%emt 00:00:10]} h5 {[%clk
01:00:30]} {[%emt 00:00:03]} 37. h3 {[%clk 00:32:09]} {[%emt 00:01:03]} Nc4
{[%clk 01:00:46]} {[%emt 00:00:14]} 38. g4+ {[%clk 00:32:12]} {[%emt 00:00:28]}
hxg4+ {[%clk 01:01:08]} {[%emt 00:00:08]} 39. hxg4+ {[%clk 00:32:37]} {[%emt
00:00:04]} Kg5 {[%clk 01:01:26]} {[%emt 00:00:08]} 40. e4 {[%clk 00:32:21]}
{[%emt 00:00:50]} d4 {[%clk 01:01:49]} {[%emt 00:00:08]} 41. Ke2 {[%clk
00:32:38]} {[%emt 00:00:12]} Ne5 {[%clk 01:01:44]} {[%emt 00:00:35]} 42. Kd2
{[%clk 00:32:23]} {[%emt 00:00:45]} Kxg4 {[%clk 01:02:05]} {[%emt 00:00:08]}
43. Ke2 {[%clk 00:32:32]} {[%emt 00:00:21]} Kf4 {[%clk 01:02:30]} {[%emt
00:00:06]} 44. Kd2 {[%clk 00:32:58]} {[%emt 00:00:04]} Kxe4 {[%clk 01:02:55]}
{[%emt 00:00:05]} 45. a4 {[%clk 00:33:03]} {[%emt 00:00:25]} bxa4 {[%clk
01:03:21]} {[%emt 00:00:04]} 46. b5 {[%clk 00:33:28]} {[%emt 00:00:05]} a3
{[%clk 01:03:46]} {[%emt 00:00:05]} 47. b6 {[%clk 00:33:50]} {[%emt 00:00:09]}
a2 {[%clk 01:04:12]} {[%emt 00:00:03]} 48. Ke2 {[%clk 00:34:11]} {[%emt
00:00:08]} a1=Q {[%clk 01:04:33]} {[%emt 00:00:10]} 49. Kd2 {[%clk 00:34:33]}
{[%emt 00:00:08]} Qb2+ {[%clk 01:04:57]} {[%emt 00:00:06]} 50. Kd1 {[%clk
00:34:46]} {[%emt 00:00:17]} Ke3 {[%clk 01:05:19]} {[%emt 00:00:06]} 0-1

[Event "DEM U10 2023"]
[Site "Willingen GER"]
[Date "2023.05.28"]
[Round "1"]
[White "Sutharjan, Dakxwin"]
[Black "Ziem, Ole"]
[Result "0-1"]
[Termination "normal"]
[Board "16"]
[WhiteElo "1438"]
[BlackElo "1312"]
[WhiteClock "00:06:48"]
[BlackClock "00:20:44"]
[PlyCount "76"]
[WhiteFideId "34606548"]
[BlackFideId "34624791"]
[EventCountry "GER"]
[EventRounds "11"]
[EventType "swiss"]
[EventDate "2023.05.27"]

1. e4 {[%clk 01:15:57]} {[%emt 00:00:02]} e5 {[%clk 01:15:53]} {[%emt
00:00:08]} 2. d4 {[%clk 01:16:19]} {[%emt 00:00:07]} exd4 {[%clk 01:16:13]}
{[%emt 00:00:11]} 3. c3 {[%clk 01:16:35]} {[%emt 00:00:14]} d5 {[%clk
01:16:11]} {[%emt 00:00:32]} 4. exd5 {[%clk 01:16:41]} {[%emt 00:00:23]} Nf6
{[%clk 01:15:49]} {[%emt 00:00:53]} 5. cxd4 {[%clk 01:16:35]} {[%emt 00:00:36]}
Bb4+ {[%clk 01:15:31]} {[%emt 00:00:48]} 6. Bd2 {[%clk 01:16:18]} {[%emt
00:00:46]} Qe7+ {[%clk 01:15:17]} {[%emt 00:00:45]} 7. Qe2 {[%clk 01:14:31]}
{[%emt 00:02:16]} O-O {[%clk 01:14:21]} {[%emt 00:01:27]} 8. Qxe7 {[%clk
01:14:40]} {[%emt 00:00:19]} Bxe7 {[%emt 00:01:30]} 9. Nc3 {[%clk 01:13:44]}
Re8 {[%clk 01:14:31]} {[%emt 00:00:47]} 10. O-O-O {[%clk 01:12:56]} {[%emt
00:01:18]} Bd7 {[%clk 01:07:28]} {[%emt 00:07:34]} 11. h3 {[%clk 01:12:08]}
{[%emt 00:01:17]} c6 {[%clk 01:00:32]} {[%emt 00:07:27]} 12. dxc6 {[%clk
01:05:00]} {[%emt 00:07:37]} Nxc6 {[%clk 01:00:33]} {[%emt 00:00:30]} 13. Nf3
{[%clk 01:03:36]} {[%emt 00:01:53]} Rac8 {[%clk 00:58:01]} {[%emt 00:03:03]}
14. Bb5 {[%clk 00:58:24]} {[%emt 00:05:42]} a6 {[%clk 00:55:08]} {[%emt
00:03:23]} 15. Bxc6 {[%clk 00:56:49]} {[%emt 00:02:04]} Bxc6 {[%clk 00:51:57]}
{[%emt 00:03:41]} 16. Kb1 {[%clk 00:51:53]} {[%emt 00:05:26]} b5 {[%clk
00:41:45]} {[%emt 00:10:43]} 17. a3 {[%clk 00:39:45]} {[%emt 00:12:38]} a5
{[%clk 00:36:20]} {[%emt 00:05:55]} 18. Na2 {[%clk 00:35:27]} {[%emt 00:04:48]}
Be4+ {[%clk 00:32:47]} {[%emt 00:04:03]} 19. Ka1 {[%clk 00:35:11]} {[%emt
00:00:46]} b4 {[%clk 00:32:08]} {[%emt 00:01:09]} 20. Rhe1 {[%clk 00:33:25]}
{[%emt 00:02:15]} bxa3 {[%clk 00:31:52]} {[%emt 00:00:46]} 21. Bxa5 {[%clk
00:24:46]} {[%emt 00:09:10]} axb2+ {[%clk 00:31:27]} {[%emt 00:00:55]} 22. Kxb2
{[%clk 00:24:16]} {[%emt 00:01:00]} Rc2+ {[%clk 00:31:36]} {[%emt 00:00:21]}
23. Ka1 {[%clk 00:24:25]} {[%emt 00:00:22]} Ra8 {[%clk 00:31:27]} {[%emt
00:00:37]} 24. Rd2 {[%clk 00:22:40]} {[%emt 00:02:17]} Rxd2 {[%clk 00:28:20]}
{[%emt 00:03:37]} 25. Nxd2 {[%clk 00:21:49]} {[%emt 00:01:20]} Bd5 {[%clk
00:20:37]} {[%emt 00:08:13]} 26. Rxe7 {[%clk 00:13:25]} {[%emt 00:08:54]} Rxa5
{[%clk 00:20:59]} {[%emt 00:00:08]} 27. Rc7 {[%emt 00:01:41]} Rxa2+ {[%clk
00:21:10]} 28. Kb1 {[%clk 00:12:46]} {[%emt 00:00:17]} Ra8 {[%clk 00:21:25]}
{[%emt 00:00:15]} 29. Nf3 {[%clk 00:12:36]} {[%emt 00:00:39]} Rb8+ {[%clk
00:21:25]} {[%emt 00:00:30]} 30. Kc2 {[%clk 00:12:21]} {[%emt 00:00:45]} h6
{[%clk 00:21:42]} {[%emt 00:00:13]} 31. Rc5 {[%clk 00:08:28]} {[%emt 00:04:22]}
Be4+ {[%clk 00:19:53]} {[%emt 00:02:19]} 32. Kd2 {[%clk 00:06:09]} {[%emt
00:02:49]} Rb2+ {[%clk 00:20:01]} {[%emt 00:00:23]} 33. Ke3 {[%clk 00:06:07]}
{[%emt 00:00:32]} Rb3+ {[%clk 00:20:15]} {[%emt 00:00:16]} 34. Kf4 {[%clk
00:06:20]} {[%emt 00:00:17]} Bxf3 {[%clk 00:19:37]} {[%emt 00:01:08]} 35. gxf3
{[%clk 00:06:36]} {[%emt 00:00:13]} g5+ {[%clk 00:19:50]} {[%emt 00:00:17]} 36.
Kf5 {[%clk 00:05:58]} {[%emt 00:01:08]} Rxf3+ {[%clk 00:20:11]} {[%emt
00:00:09]} 37. Ke5 {[%clk 00:06:23]} {[%emt 00:00:05]} Nd7+ {[%clk 00:20:32]}
{[%emt 00:00:10]} 38. Ke4 {[%clk 00:06:48]} {[%emt 00:00:05]} Rf4+ {[%clk
00:20:44]} {[%emt 00:00:18]} 0-1

[Event "DEM U10 2023"]
[Site "Willingen GER"]
[Date "2023.05.28"]
[Round "1"]
[White "Simon, Levi Paul"]
[Black "Pradeep, Harshill"]
[Result "1/2-1/2"]
[Termination "normal"]
[Board "17"]
[WhiteElo "1297"]
[BlackElo "1482"]
[WhiteClock "01:05:52"]
[BlackClock "00:38:30"]
[PlyCount "80"]
[WhiteFideId "34652310"]
[BlackFideId "34629513"]
[EventCountry "GER"]
[EventRounds "11"]
[EventType "swiss"]
[EventDate "2023.05.27"]

1. d4 {[%clk 01:15:58]} {[%emt 00:00:01]} Nf6 {[%clk 01:15:49]} {[%emt
00:00:11]} 2. Nf3 {[%clk 01:16:01]} {[%emt 00:00:28]} g6 {[%clk 01:16:08]}
{[%emt 00:00:10]} 3. c4 {[%clk 01:16:20]} {[%emt 00:00:11]} Bg7 {[%clk
01:16:31]} {[%emt 00:00:06]} 4. Nc3 {[%clk 01:16:40]} {[%emt 00:00:11]} O-O
{[%clk 01:16:54]} {[%emt 00:00:07]} 5. Bg5 {[%clk 01:16:31]} {[%emt 00:00:39]}
d6 {[%clk 01:16:58]} {[%emt 00:00:26]} 6. e3 {[%clk 01:16:09]} {[%emt
00:00:52]} Nbd7 {[%clk 01:17:18]} {[%emt 00:00:10]} 7. Be2 {[%clk 01:16:10]}
{[%emt 00:00:29]} b6 {[%clk 01:16:42]} {[%emt 00:01:07]} 8. O-O {[%clk
01:16:18]} {[%emt 00:00:22]} Bb7 {[%clk 01:17:04]} {[%emt 00:00:07]} 9. Qc2
{[%clk 01:16:29]} {[%emt 00:00:19]} h6 {[%clk 01:14:38]} {[%emt 00:02:56]} 10.
Bh4 {[%clk 01:16:51]} {[%emt 00:00:09]} g5 {[%clk 01:13:53]} {[%emt 00:01:14]}
11. Bg3 {[%clk 01:17:09]} {[%emt 00:00:13]} Ne8 {[%clk 01:12:55]} {[%emt
00:01:27]} 12. Rfd1 {[%clk 01:16:44]} {[%emt 00:00:55]} Qc8 {[%clk 01:11:35]}
{[%emt 00:01:50]} 13. Bd3 {[%clk 01:16:31]} {[%emt 00:00:44]} e5 {[%clk
01:10:54]} {[%emt 00:01:09]} 14. Be4 {[%clk 01:16:33]} {[%emt 00:00:30]} Kh8
{[%clk 01:08:13]} {[%emt 00:03:10]} 15. Bf5 {[%clk 01:16:34]} {[%emt 00:00:30]}
Bxf3 {[%clk 01:06:47]} {[%emt 00:01:55]} 16. gxf3 {[%clk 01:16:46]} {[%emt
00:00:18]} exd4 {[%clk 01:06:26]} {[%emt 00:00:51]} 17. exd4 {[%clk 01:16:33]}
{[%emt 00:00:44]} Nef6 {[%clk 01:05:08]} {[%emt 00:01:46]} 18. f4 {[%clk
01:15:32]} {[%emt 00:01:33]} gxf4 {[%clk 01:00:24]} {[%emt 00:05:13]} 19. Bxf4
{[%clk 01:15:31]} {[%emt 00:00:31]} Nh5 {[%clk 01:00:30]} {[%emt 00:00:24]} 20.
Bg3 {[%clk 01:15:23]} {[%emt 00:00:37]} Qd8 {[%clk 00:58:55]} {[%emt 00:02:05]}
21. Be4 {[%clk 01:14:38]} {[%emt 00:01:17]} Rb8 {[%clk 00:57:24]} {[%emt
00:02:01]} 22. Bf3 {[%clk 01:14:21]} {[%emt 00:00:46]} Qg5 {[%clk 00:56:53]}
{[%emt 00:01:01]} 23. Ne4 {[%clk 01:12:48]} {[%emt 00:02:04]} Qf5 {[%clk
00:56:04]} {[%emt 00:01:17]} 24. Qd3 {[%clk 01:11:39]} {[%emt 00:01:41]} Qg6
{[%clk 00:50:21]} {[%emt 00:06:13]} 25. Qe2 {[%clk 01:10:31]} {[%emt 00:01:38]}
Ndf6 {[%clk 00:49:22]} {[%emt 00:01:29]} 26. Nxf6 {[%clk 01:10:30]} {[%emt
00:00:31]} Nxf6 {[%clk 00:49:43]} {[%emt 00:00:08]} 27. Qd3 {[%clk 01:10:29]}
{[%emt 00:00:31]} Qg5 {[%clk 00:49:09]} {[%emt 00:01:01]} 28. Qd2 {[%clk
01:09:38]} {[%emt 00:01:25]} Nh7 {[%clk 00:48:38]} {[%emt 00:01:00]} 29. Qxg5
{[%clk 01:09:15]} {[%emt 00:00:53]} hxg5 {[%emt 00:00:12]} 30. h4 {[%clk
01:08:00]} {[%emt 00:01:43]} f5 {[%clk 00:42:35]} {[%emt 00:06:52]} 31. hxg5
{[%clk 01:07:53]} {[%emt 00:00:38]} Nxg5 {[%clk 00:42:43]} {[%emt 00:00:21]}
32. Kg2 {[%clk 01:07:31]} {[%emt 00:00:53]} Nxf3 {[%clk 00:42:59]} {[%emt
00:00:14]} 33. Kxf3 {[%clk 01:07:49]} {[%emt 00:00:11]} Rf6 {[%clk 00:42:35]}
{[%emt 00:00:55]} 34. Rh1+ {[%clk 01:07:06]} {[%emt 00:01:14]} Kg8 {[%clk
00:42:21]} {[%emt 00:00:43]} 35. d5 {[%clk 01:07:07]} {[%emt 00:00:29]} Rg6
{[%clk 00:41:50]} {[%emt 00:01:00]} 36. Rab1 {[%clk 01:07:16]} {[%emt
00:00:23]} a5 {[%clk 00:41:09]} {[%emt 00:01:11]} 37. Bf4 {[%clk 01:06:51]}
{[%emt 00:00:55]} Rf8 {[%clk 00:40:08]} {[%emt 00:01:30]} 38. Rhg1 {[%clk
01:06:48]} {[%emt 00:00:33]} Rff6 {[%clk 00:40:21]} {[%emt 00:00:17]} 39. b3
{[%clk 01:06:41]} {[%emt 00:00:37]} Rxg1 {[%clk 00:40:11]} {[%emt 00:00:40]}
40. Rxg1 {[%clk 01:05:52]} {[%emt 00:01:19]} Kf8 {[%clk 00:38:30]} {[%emt
00:02:10]} 1/2-1/2